000 01623cam a22004694i 4500
003 PE-LiUPU
005 20250731173122.0
008 150623s r 000 0 d
020 _a0801093104
035 _a(Sirsi) i9780801093104
040 _aPE-LiUPU
_bspa
_cPE-LiUPU
_erda
049 _aPRUA
082 0 4 _a269.2
_bH17
_221
100 1 _aHalsema, Dick Van,
_eautor.
245 1 0 _aGoing and growing :
_bis cross-cultural mission for you? /
_cDick and Thea Van Halsema.
264 1 _aGrand Rapids, Michigan :
_bBaker Book House,
_c1991.
300 _a95 páginas ;
_c18 centímetros
336 _atext
_2rdacontent
337 _aunmediated
_2rdamedia
338 _avolume
_2rdacarrier
505 0 _a"Imitate their faith". -"Attempt great things for God". -Move aout of your fears. -Become God´s person. -Become Christ-like relationships.
526 _aSEG42
526 _aSEG41
526 _aSEG40
526 _aSEG39
526 _aP94
526 _aP87
526 _aP86
526 _aP85
526 _aP77
526 _aP76
526 _aP35
650 0 4 _aComunicación Intercultural.
650 0 4 _aMisioneros
_xVocación.
700 1 _aHalsema, Thea Van,
_eautor.
942 _2ddc
_cBOOK
949 _a269.2 H17
_wDEWEY
_c1
_i49668
_lCCODEBUL1
_mBUL
_r0
_sY
_tBOOK
_u2015-6-24
_xTEOLOGIA
_PP35
_0COMPRA
_o.STAFF. Colección General
994 _aC0
_bPEPRU
596 _a1
999 _a269.2 H17
_wDEWEY
_c32504
_i49668
_d32504
_f2021-11-4
_g5
_lCCODEBUL1
_mBUL
_q1
_r0
_sY
_tBOOK
_u2015-6-24
_xBIBLIOTECA
_PP35
_0COMPRA
_o.STAFF. Colección General
980 _81
_gALBERTO SANCHEZ Responsable de Automatización